The survey of blackleg and pasteurella diseases on bovineat kirivan commune, thnom sruoch district, kampong speu province, ការអង្គេតជំងឺបូសខ្យល់ និងជំងឺសាទឹក នៅឃុំគិរីវ័ន្ត​ស្រុកភ្នំស្រួច ខេត្តកំពង់ស្ពឺ. (Record no. 2488)

000 -LEADER
fixed length control field 00713nam a22001577a 4500
003 - CONTROL NUMBER IDENTIFIER
control field OSt
005 - DATE AND TIME OF LATEST TRANSACTION
control field 20151021153433.0
008 - FIXED-LENGTH DATA ELEMENTS--GENERAL INFORMATION
fixed length control field 151021b xxu||||| |||| 00| 0 eng d
040 ## - CATALOGING SOURCE
Transcribing agency RUA
082 ## - DEWEY DECIMAL CLASSIFICATION NUMBER
Classification number AVM SOK 2012 B100 Or.1
100 ## - MAIN ENTRY--PERSONAL NAME
9 (RLIN) 2649
Personal name SOK, PISTH.
245 ## - TITLE STATEMENT
Title The survey of blackleg and pasteurella diseases on bovineat kirivan commune, thnom sruoch district, kampong speu province, ការអង្គេតជំងឺបូសខ្យល់ និងជំងឺសាទឹក នៅឃុំគិរីវ័ន្ត​ស្រុកភ្នំស្រួច ខេត្តកំពង់ស្ពឺ.
260 ## - PUBLICATION, DISTRIBUTION, ETC. (IMPRINT)
Place of publication, distribution, etc. phnom phen
Name of publisher, distributor, etc. RUA
Date of publication, distribution, etc. 2012
300 ## - PHYSICAL DESCRIPTION
Extent 41p.
Other physical details ill.
Dimensions 29cm.
942 ## - ADDED ENTRY ELEMENTS (KOHA)
Source of classification or shelving scheme
Koha item type AVM
Holdings
Price effective from Date last seen Permanent Location Not for loan Date acquired Source of classification or shelving scheme Koha item type Lost status Withdrawn status Date last checked out Total Checkouts Shelving location Damaged status Barcode Current Location Full call number
2015-10-212015-10-21Library Block B 2015-10-21 AVM    B100 RUA018031Library Block BAVM SOK 2012 B100 Or.1
2015-10-212016-08-31Library Block B 2015-10-21 AVM  2016-08-242B100 RUA027834Library Block BAVM SOK 2012 B100 Or.2
2015-10-212017-02-21Library Block B 2015-10-21 AVM  2017-02-061B100 RUA027628Library Block BAVM SOK 2012 B100 Or.3
2015-10-212015-10-21Library Block B 2015-10-21 AVM    B100 RUA027838Library Block BAVM SOK 2012 B100 Or.4
2015-10-212025-12-22Library Block B 2015-10-21 AVM  2025-12-192B100 RUA020107Library Block BAVM SOK 2012 B100 Or.5
2015-10-242015-10-24Library Block B 2015-10-24 AVM    B100 rua018175Library Block BAVM SOK 2012 B100 Or.6
មជ្ឈមណ្ឌលឯការនៃសាកលវិទ្យាល័យភូមិន្ទកសិកម្មចំការដូង

Powered by Koha